| 000 | 00000nam##2200000za#4500 |
| 001 | 9.601853 |
| 003 | CaOODSP |
| 005 | 20210624210256 |
| 007 | cr ||||||||||| |
| 008 | 150406|1998||||xxc|||||o f|0| 0 fre|d |
| 040 | |aCaOODSP|bfre |
| 043 | |an-cn--- |
| 086 | 1 |aTU3-5/98-3F-PDF |
| 110 | 2 |aBureau de la sécurité des transports du Canada. |
| 245 | 10|aIncendie moteur au décollage et écrasement, Air Nunavut Ltd., piper PA31-350 Navajo Chieftain C-FDNF, Sanikiluaq (Territoires du Nord-Ouest), le 20 janvier 1998 |h[ressource électronique] |
| 260 | |aGatineau - Québec : |bBureau de la sécurité des transports du Canada |c[1999]. |
| 300 | |a8p. |
| 490 | 1 |aRapport d'enquête aéronautique |vA98Q0007 |
| 590 | |a11-32-Supp|b2011-12-20 |
| 775 | 08|tEngine fire and crash on take-off, Air Nunavut Ltd., Piper PA31-350 Navajo Chieftain C-FDNF, Sanikiluaq, Northwest Territories, 20 January 1998 |w(CaOODSP)9.571228 |
| 830 | #0|aRapport d'enquête aéronautique ;|vA98Q0007|w(CaOODSP)9.501229 |
| 856 | 40|ahttp://publications.gc.ca|qPDF|s91 Ko|uhttps://publications.gc.ca/collections/collection_2011/bst-tsb/TU3-5-98-3-fra.pdf|yA98Q0007 |